En sus pasos, o, ¿Qué haría Jesús? (Record no. 29412)

MARC details
000 -LEADER
campo de control de longitud fija 00535mm a2200181a 44500
001 - NÚMERO DE CONTROL
campo de control NM030105
003 - IDENTIFICADOR DE NÚMERO DE CONTROL
campo de control RG CODE MARC
008 - DATOS DE LONGITUD FIJA--INFORMACIÓN GENERAL
campo de control de longitud fija 25020s1923 ||||||||||||||000 | spa||
005 - FECHA Y HORA DE LA ÚLTIMA TRANSACCIÓN
campo de control 20251028183342.0
040 ## - FUENTE DE CATALOGACIÓN
Centro catalogador/agencia de origen ORG CODE MARC
100 ## - ENTRADA PRINCIPAL--NOMBRE DE PERSONA
Nombre de persona Sheldon, Charles Monroe
Fechas asociadas al nombre 1857-1946
9 (RLIN) 40954
245 ## - MENCIÓN DEL TÍTULO
Título En sus pasos, o, ¿Qué haría Jesús?
Mención de responsabilidad, etc. Charles Monroe Sheldon , traducido por Daniel Hall
260 ## - PUBLICACIÓN, DISTRIBUCIÓN, ETC.
Lugar de publicación, distribución, etc. Buenos Aires
Nombre del editor, distribuidor, etc. Imprenta Metodista
300 ## - DESCRIPCIÓN FÍSICA
Extensión 271 p.
Otras características físicas 22 cm.
653 ## - TÉRMINO DE INDIZACIÓN--NO CONTROLADO
Término no controlado NOVELA
700 ## - ENTRADA AGREGADA--NOMBRE PERSONAL
Nombre de persona Hall, Daniel
9 (RLIN) 8896
942 ## - ELEMENTOS DE ENTRADA SECUNDARIOS (KOHA)
Tipo de ítem Koha Colección General
Holdings
Estatus retirado Estado de pérdida Estado de daño No para préstamo Biblioteca de origen Biblioteca actual Fecha de adquisición Total de préstamos Signatura topográfica completa Código de barras Visto por última vez Precio de reemplazo Tipo de ítem Koha
        Biblioteca Pluis Biblioteca Pluis 28/10/2025   244 Sh4 005205 28/10/2025 28/10/2025 Colección General
        Biblioteca Pluis Biblioteca Pluis 28/10/2025   244 Sh4 019682 28/10/2025 28/10/2025 Colección General